<?xml version="1.0" encoding="UTF-8"?>
<collection xmlns="http://www.loc.gov/MARC21/slim">
 <record>
  <leader>00553pamaa2200169   4500</leader>
  <controlfield tag="001">0000042993</controlfield>
  <controlfield tag="005">20101015090000.0</controlfield>
  <controlfield tag="008">071120                             eng  </controlfield>
  <datafield tag="020" ind1="0" ind2="0">
   <subfield code="a">[?] (pbk) </subfield>
  </datafield>
  <datafield tag="090" ind1="0" ind2="0">
   <subfield code="a">BQ6340.G46 </subfield>
   <subfield code="b">CHI [?]</subfield>
  </datafield>
  <datafield tag="110" ind1="1" ind2="0">
   <subfield code="a">Resort World Bhd</subfield>
  </datafield>
  <datafield tag="245" ind1="1" ind2="0">
   <subfield code="a">Chin Swee Caves Temple : </subfield>
   <subfield code="b">A cultural heritage  </subfield>
   <subfield code="c">Resort World Bhd.</subfield>
  </datafield>
  <datafield tag="260" ind1="0" ind2="0">
   <subfield code="a">Kuala Lumpur: </subfield>
   <subfield code="b">Resort World Bhd, </subfield>
   <subfield code="c">[?].</subfield>
  </datafield>
  <datafield tag="300" ind1=" " ind2=" ">
   <subfield code="a">66p.: </subfield>
   <subfield code="b">ill. col.; </subfield>
   <subfield code="c">23 cm.</subfield>
  </datafield>
  <datafield tag="500" ind1="0" ind2="0">
   <subfield code="a">In Chinese - English</subfield>
  </datafield>
  <datafield tag="650" ind1="0" ind2="0">
   <subfield code="a">Genting, Pahang -- </subfield>
   <subfield code="x">Chin Swee Caves Temple </subfield>
  </datafield>
  <datafield tag="901" ind1=" " ind2=" ">
   <subfield code="u">http://www.genting.com.my</subfield>
  </datafield>
 </record>
</collection>
